000 00949cab a2200265 4500
001 ABS56427
008 090401t1996 xxu||||| |||| 00| 0 eng d
035 _a(Sirsi) u23521
041 _aeng
100 _aBrown, J.C.
245 _aAssignment of warranties - difficulties with quantum
260 _c1996
350 _a0
490 _aConstruction Law Journal
_v12(6) 1996, 371-379(9)
520 _aDeals with the issues concerning warranties passed on to successive parties by way of assignment, and problems left unresolved in relation to quantum of damages. Analysis of case law.
650 _aASSIGNMENT
650 _aBUILT ENVIRONMENT-BUILDING CONTRACT FORMS
650 _aBUILDING DEFECTS
650 _aBUILT ENVIRONMENT-BUILDING CONTRACT FORMS-CONSTRUCTION COLLATERAL WARRANTY FORMS
650 _aNEGLIGENCE
650 _aREMEDY
690 _aBUILT ENVIRONMENT-BUILDING CONTRACT FORMS
942 _n0
948 _c04/03/1997
999 _c15719
_d15719